|
|
|
|
| LEADER |
00000cam a22000004a 4500 |
| 001 |
musev2_17399 |
| 003 |
MdBmJHUP |
| 005 |
20230905041900.0 |
| 006 |
m o d |
| 007 |
cr||||||||nn|n |
| 008 |
070720s2007 nyu o 00 0 eng d |
| 020 |
|
|
|a 9781933360577
|
| 020 |
|
|
|z 9781933360263
|
| 035 |
|
|
|a (OCoLC)867793503
|
| 040 |
|
|
|a MdBmJHUP
|c MdBmJHUP
|
| 100 |
1 |
|
|a Lang, Harry G.
|
| 245 |
1 |
0 |
|a Moments of Truth :
|b Robert R. Davila: The Story of a Deaf Leader /
|c Harry G. Lang, Oscar P. Cohen, Joseph E. Fischgrund.
|
| 264 |
|
1 |
|a Rochester, N.Y. :
|b RIT Press,
|c 2007.
|
| 264 |
|
3 |
|a Baltimore, Md. :
|b Project MUSE,
|c 2013
|
| 264 |
|
4 |
|c ©2007.
|
| 300 |
|
|
|a 1 online resource (240 pages):
|b illustrations
|
| 336 |
|
|
|a text
|b txt
|2 rdacontent
|
| 337 |
|
|
|a computer
|b c
|2 rdamedia
|
| 338 |
|
|
|a online resource
|b cr
|2 rdacarrier
|
| 505 |
0 |
|
|a A sense of loss -- Waking up in silence -- Out of the barrio -- A rough start -- Bedazzled -- Breaking down barriers -- Syracuse -- Giving back to the profession -- Blessed and tormented -- Deaf president now -- Momento de verdad -- Assistant secretary! -- The second firestorm -- Fiercely the product of both cultures -- Return to White Plains -- The NTID years.
|
| 588 |
|
|
|a Description based on print version record.
|
| 600 |
1 |
7 |
|a Davila, Robert R.,
|d 1932-
|2 fast
|0 (OCoLC)fst01680645
|
| 600 |
1 |
1 |
|a Davila, Robert R.,
|d 1932-
|
| 600 |
1 |
0 |
|a Davila, Robert R.,
|d 1932-
|
| 650 |
|
7 |
|a Teachers of the deaf.
|2 fast
|0 (OCoLC)fst01144511
|
| 650 |
|
7 |
|a Hispanic Americans.
|2 fast
|0 (OCoLC)fst00957523
|
| 650 |
|
7 |
|a Deaf.
|2 fast
|0 (OCoLC)fst00888436
|
| 650 |
|
6 |
|a Personnes sourdes
|z États-Unis
|v Biographies.
|
| 650 |
|
6 |
|a Enseignants de personnes sourdes
|z États-Unis
|v Biographies.
|
| 650 |
|
6 |
|a Americains d'origine latino-americaine
|z États-Unis
|v Biographies.
|
| 650 |
|
0 |
|a Deaf
|z United States
|v Biography.
|
| 650 |
|
0 |
|a Teachers of the deaf
|z United States
|v Biography.
|
| 650 |
|
0 |
|a Hispanic Americans
|z United States
|v Biography.
|
| 651 |
|
7 |
|a United States.
|2 fast
|0 (OCoLC)fst01204155
|
| 655 |
|
7 |
|a Biographies.
|2 fast
|0 (OCoLC)fst01919896
|
| 655 |
|
7 |
|a Electronic books.
|2 local
|
| 700 |
1 |
|
|a Cohen, Oscar P.
|
| 700 |
1 |
|
|a Fischgrund, Joseph E.
|
| 710 |
2 |
|
|a Project Muse.
|e distributor
|
| 830 |
|
0 |
|a Book collections on Project MUSE.
|
| 856 |
4 |
0 |
|z Texto completo
|u https://projectmuse.uam.elogim.com/book/17399/
|
| 945 |
|
|
|a Project MUSE - Custom Collection
|
| 945 |
|
|
|a Project MUSE - Archive Higher Education Supplement
|
| 945 |
|
|
|a Project MUSE - Archive Complete Supplement
|